000
00324nam a2200133Ia 4500
008
151213s9999 xx 000 0 und d
100
_a
David Cecil
245
_a
Early Victorian Novelists
_c
David Cecil
260
_a
London
_b
Collins
_c
1934
300
_a
4537 p.
650
_a
English
700
_a
David Cecil
999
_c
2911
_d
2911